Магнитный метод неразрушающего контроля: электронный курс
| Autor principal: | |
|---|---|
| Autor corporatiu: | |
| Sumari: | Заглавие с экрана В курсе «Магнитный метод неразрушающего контроля» происходит ознакомление слушателей с методами, инструментами и приборами контроля качества. Получение теоретических основ и практических навыков работы по магнитному методу контроля. Доступ по логину и паролю |
| Idioma: | rus |
| Publicat: |
Томск, TPU Moodle, 2017
|
| Matèries: | |
| Accés en línia: | https://design.lms.tpu.ru/course/view.php?id=1970 |
| Format: | Electrònic Llibre |
| KOHA link: | https://koha.lib.tpu.ru/cgi-bin/koha/opac-detail.pl?biblionumber=667368 |
MARC
| LEADER | 00000nlm0a2200000 4500 | ||
|---|---|---|---|
| 001 | 667368 | ||
| 005 | 20250514122106.0 | ||
| 035 | |a (RuTPU)RU\TPU\network\38573 | ||
| 035 | |a RU\TPU\network\38563 | ||
| 090 | |a 667368 | ||
| 100 | |a 20220318d2017 m y0rusy50 ca | ||
| 101 | 0 | |a rus | |
| 102 | |a RU | ||
| 105 | |a a j 000zy | ||
| 135 | |a jrcn ---uucaa | ||
| 181 | 0 | |a i | |
| 182 | 0 | |a b | |
| 200 | 1 | |a Магнитный метод неразрушающего контроля |e электронный курс |f А. А. Жуйков |g Национальный исследовательский Томский политехнический университет, Институт неразрушающего контроля, Региональный центр аттестации, контроля и диагностики | |
| 203 | |a Текст |c электронный | ||
| 210 | |c TPU Moodle |d 2017 |a Томск | ||
| 300 | |a Заглавие с экрана | ||
| 330 | |a В курсе «Магнитный метод неразрушающего контроля» происходит ознакомление слушателей с методами, инструментами и приборами контроля качества. Получение теоретических основ и практических навыков работы по магнитному методу контроля. | ||
| 333 | |a Доступ по логину и паролю | ||
| 606 | 1 | |a Магнитные методы неразрушающего контроля |2 stltpush |3 (RuTPU)RU\TPU\subj\71638 |9 85454 | |
| 610 | 1 | |a электронный ресурс | |
| 610 | 1 | |a труды учёных ТПУ | |
| 610 | 1 | |a электронное обучение | |
| 610 | 1 | |a электронные курсы ТПУ | |
| 610 | 1 | |a электронные учебные пособия | |
| 610 | 1 | |a магнитный контроль | |
| 610 | 1 | |a магнитопорошковый контроль | |
| 610 | 1 | |a неразрушающие методы | |
| 675 | |a 620.179.14(075.8) |v 4 | ||
| 700 | 1 | |a Жуйков |b А. А. |c специалист в области неразрушающего контроля |c инженер Томского политехнического университета |f 1985- |g Артем Анатольевич |3 (RuTPU)RU\TPU\pers\47128 |9 22721 | |
| 712 | 0 | 2 | |a Национальный исследовательский Томский политехнический университет |b Институт неразрушающего контроля |b Региональный центр аттестации, контроля и диагностики |3 (RuTPU)RU\TPU\col\24637 |
| 801 | 2 | |a RU |b 63413507 |c 20220808 |g RCR | |
| 850 | |a 63413507 | ||
| 856 | 4 | |u https://design.lms.tpu.ru/course/view.php?id=1970 | |
| 942 | |c CF | ||